000 00420nam a2200181Ia 4500
001 16258
005 20260306170256.0
008 260306t2011||||xx |||||||||||||| ||und||
041 _aESP
082 _a347.51
_bN55
100 _aNieto Carol, Ubaldo
_eAUT
245 0 _aDerecho de sociedades
260 _c2011
300 _a1216 páginas :
_c23 cm.
650 _aGEN
654 _aCDE
942 _cLIB
_dJUS
_fJUS
_2ddc
_n
999 _c16258
_d16258